Svařování hliníku a mědi na tupo tlakem za studena

Bibliographic Details
Main Authors: Lombardini, Július, 1926-2015 (Author), Hoskovec, Jiří (Author), Pilous, Václav (Author)
Format: Article
Language:Czech

MARC

LEADER 00000nab a2200000uu 4500
001 vtls011503585
003 SK-MaSNL
005 20260304022930.0
008 230222|1955 xo |||||||||||||||||cze|
015 |a SNBRB 
035 |a (urnnbn)urn:nbn:sk:snk:ar-a0aj3e 
035 |a (uuid)636a38b3-1056-451d-b221-84215fac90cf 
035 |a urn:nbn:sk:snk-abdxfk 
040 |a SNKBUCL  |b slo  |c SNKBUCL  |e AACR2 
041 0 |a cze 
044 |a xo  |c SK 
100 1 |a Lombardini, Július,  |d 1926-2015  |4 aut  |9 163248 
245 1 0 |a Svařování hliníku a mědi na tupo tlakem za studena  |c J. Lombardini, Jiří Hoskovec, Václav Pilous 
700 1 |a Hoskovec, Jiří  |4 aut  |9 253736 
700 1 |a Pilous, Václav  |4 aut  |9 693607 
773 0 |t Zváranie : odborný časopis československých zváračov  |g Roč. 4, č. 12 (1955), s. 357-365 
954 |a odborná, vedecká literatúra pôvodná (slovenská)  |2 lita 
954 |a odborná, vedecká literatúra cudzojazyčná (svetová)  |2 lita 
958 |a OND 
958 |a EUIPO 
958 |a article20 
999 |c 2613613  |d 2615543